Вып. 8; Производство и исследование стекла и силикатных материалов

Dades bibliogràfiques
Parent link:Производство и исследование стекла и силикатных материалов: [сборник статей]/ Государственный научно-исследовательский институт стекла, Гусевский филиал. Вып. 8.— , 1969-1985
Altres autors: Гулоян Ю. А. (редактор)
Idioma:rus
Publicat: Ярославль, Верхне-Волжское книжное изд-во, 1985
Matèries:
Format: MixedMaterials Llibre
KOHA link:https://koha.lib.tpu.ru/cgi-bin/koha/opac-detail.pl?biblionumber=274676

MARC

LEADER 00000nam2a2200000 4500
001 274676
005 20231101234742.0
035 |a (RuTPU)RU\TPU\book\297886 
035 |a RU\TPU\book\133555 
090 |a 274676 
100 |a 20141107d1985 k y0rusy50 ca 
101 0 |a rus 
102 |a RU 
105 |a a z 101zy 
200 0 |a Вып. 8  |f отв. ред. Ю. А. Гулоян 
210 |a Ярославль  |c Верхне-Волжское книжное изд-во  |d 1985 
215 |a 245 с.  |c ил. 
320 |a Библиография в конце докладов 
461 1 |0 (RuTPU)RU\TPU\book\133555  |t Производство и исследование стекла и силикатных материалов  |o [сборник статей]  |f Государственный научно-исследовательский институт стекла, Гусевский филиал   |v Вып. 8  |d 1969-1985 
606 1 |a Силикатные изделия  |x Производство  |2 stltpush  |3 (RuTPU)RU\TPU\subj\34471  |9 56409 
610 1 |a стекольные шихты 
610 1 |a исследование 
610 1 |a стекло 
610 1 |a варка 
610 1 |a красители 
610 1 |a растворение 
610 1 |a стекломасса 
610 1 |a стеклобой 
675 |a 666.1  |v 3 
702 1 |a Гулоян  |b Ю. А.  |4 340 
801 1 |a RU  |b 63413507  |c 20071016  |g PSBO 
801 2 |a RU  |b 63413507  |c 20170120  |g PSBO 
942 |c BK